000 00532nam a22002057a 4500
003 OSt
005 20240523102754.0
008 170301b xxu||||| |||| 00| 0 eng d
020 _a0470853239
040 _cDDC.
082 _a530.12 PHI 2003.
100 _aPhillips, A. C.
_911724
245 _aIntroduction to Quantum Mechanics.
260 _aNew York;
_bWiley,
_c2003.
300 _axvi,266p;
_bill:
_c25cm.
504 _aincludes index.
650 _aQuantum mechanics
_94185
650 _aPhysics
_9809
942 _2ddc
_cO_SHELF
999 _c5613
_d5613